CONCRETE TECHNOLOGY PRACTICES (NAROSA) (Record no. 9794)
[ view plain ]
| 000 -LEADER | |
|---|---|
| fixed length control field | 00263nam a2200109Ia 4500 |
| 003 - CONTROL NUMBER IDENTIFIER | |
| control field | OSt |
| 008 - FIXED-LENGTH DATA ELEMENTS--GENERAL INFORMATION | |
| fixed length control field | 220112s9999||||xx |||||||||||||| ||und|| |
| 020 ## - INTERNATIONAL STANDARD BOOK NUMBER | |
| International Standard Book Number | 9788184874082 |
| 100 ## - MAIN ENTRY--PERSONAL NAME | |
| Personal name | AMINUL ISLAM LASKAR |
| 245 #0 - TITLE STATEMENT | |
| Title | CONCRETE TECHNOLOGY PRACTICES (NAROSA) |
| 942 ## - ADDED ENTRY ELEMENTS (KOHA) | |
| Source of classification or shelving scheme | |
| Withdrawn status | Lost status | Source of classification or shelving scheme | Damaged status | Koha normalized classification for sorting | Not for loan | Permanent location | Current location | Date acquired | Source of acquisition | Cost, normal purchase price | Full call number | Barcode | Date last seen | Cost, replacement price | Price effective from | Koha item type |
|---|---|---|---|---|---|---|---|---|---|---|---|---|---|---|---|---|
| 666_890000000000000_LAS | BMS College of Architecture, Design and Planning | BMS College of Architecture, Design and Planning | 2022-03-03 | 4 | 356.25 | 666.89 LAS | AR-UG2377 | 2022-03-03 | 475.00 | 2022-03-03 | UG Books |